• 首页
  • 本馆介绍
  • 公告通知
  • 最新文献
  • 馆藏检索
  • 电子资源
  • 读者导购
  • 参考咨询
  • 我的图书馆
  • 登录
  • 详细信息显示
  • 放入我的书架
  • 预约/预借图书
  • 作者相关作品
  • 分类相关作品
  • 丛书相关作品
  • 出版社相关作品

书目信息

  • 表格格式
  • 工作单格式
  • 卡片格式
题名:
国家司法考试历年真题图表式专题详解
    
 
作者: 段波 编著
分册:  
出版信息: 北京   知识产权出版社  2006.03
页数: 609页
开本: 26cm
丛书名: 新起点备战2006司法考试系列丛书
单 册:
中图分类: D92-44
科图分类:
主题词: 法律--中国
电子资源:
ISBN: 7-80198-515-X
000 00724nam0 2200217 450
001 0740005392
005 20080112181148.34
010    @a7-80198-515-X@dCNY65.00
100    @a20071130d2006 km y0chiy0120 ea
101 0  @achi
200 1  @a国家司法考试历年真题图表式专题详解@Aguo jia si fa kao shi li nian zhen ti tu biao shi zhuan ti xiang jie@f段波编著@Fduan bo bian zhu
210    @a北京@c知识产权出版社@d2006.03
215    @a609页@d26cm
225 2  @a新起点备战2006司法考试系列丛书
410  0 @12001 @a新起点备战2006司法考试系列丛书
606 0  @a法律@x中国
690    @aD92-44@v4
701  0 @a段波@Aduan bo@4编著
801  0 @aCN@b大连网信软件有限公司图书馆@c20080112
905    @aBZT@dD92-44@e4
906    @dCNY65.00@n0@r1
    
    国家司法考试历年真题图表式专题详解/段波编著.-北京:知识产权出版社,2006.03
    609页;26cm.-(新起点备战2006司法考试系列丛书)
    
    
    ISBN 7-80198-515-X:CNY65.00
    
●
相关链接 在五车中查询图书 在当当中查询图书 在豆瓣中查询图书


正题名:国家司法考试历年真题图表式专题详解     索取号:D92-44/4         预约/预借

序号 登录号 条形码 馆藏地/架位号 状态 备注
1 631370   2000631370   中心书库南/014架B面3层1列/ [索取号:D92-44/4] 在馆    
2 631371   2000631371   中心书库南/014架B面3层1列/ [索取号:D92-44/4] 在馆    
3 631372   2000631372   中心书库南/014架B面3层1列/ [索取号:D92-44/4] 在馆    
4 631373   2000631373   中心书库南/014架B面3层1列/ [索取号:D92-44/4] 在馆    
5 631374   2000631374   中心书库南/014架B面3层1列/ [索取号:D92-44/4] 在馆    
山东省滨州职业学院图书馆 欢迎您!
大连网信软件有限公司© 版权所有